000 01217nam a2200277Ia 4500
003 OSt
005 20220923211559.0
006 a|||||r|||| 00| 0
007 ta
008 220922b |||||||| |||| 00| 0 hin d
020 _a9789386554482 (pbk)
_c145
024 _a325,546
037 _b339, 10/02/2018, Eastern Book Linkers
_cTextual
040 _aARTS
_cARTS
_bhin
041 _2hin
_ahin
082 _aV2:72, 152Q8
100 _aशर्मा, अमिता, ले.
245 0 _aभारतीय अभिलेखशास्त्र, पुरालिपिशास्त्र एवं कालक्रमपद्धति
246 _aBhāratīya abhilekhashāstra, purālipishāstra evan kālakramapaddhati
260 _aवाराणसी
_b चौखम्बा सुरभारती प्रकाशन
_c2018
300 _a106पृ.
_ccm.
490 _aचौखम्बा सुरभारती ग्रन्थ्ज्ञमाला; 636
650 _aभारत-इतिहास
_9156353
942 _hV2:72, 152Q8
_cTEXL
_2CC
999 _c300996
_d300996